| 000 | 00576nam a22001817a 4500 | ||
|---|---|---|---|
| 082 |
_a621.3 _bENG _cL-40, P-55 |
||
| 100 |
_aE-IN-C's Br _941118 |
||
| 245 |
_aTechnical instruction Vol III Electricity _bE-IN-C's Br |
||
| 260 |
_aPakistan: _bGHQ, Rawalpindi. _c2001. |
||
| 300 |
_a75 p; _bill, |
||
| 526 |
_a0 _b0 _c0 _d621_300000000000000_ENG |
||
| 526 |
_a0 _b0 _c0 _d621_300000000000000_ENG |
||
| 526 |
_a0 _b0 _c0 _d621_300000000000000_ENG |
||
| 526 |
_a0 _b0 _c0 _d621_300000000000000_ENG |
||
| 526 |
_a0 _b0 _c0 _d621_300000000000000_ENG |
||
| 650 |
_aMCE _9379 |
||
| 942 |
_2ddc _cBK |
||
| 999 |
_c545306 _d545306 |
||